000 00600nam a2200181Ia 4500
008 100920s9999 xx 000 0 und d
082 _b94537
_a24 न 06
100 _aतिबिले अनंत.
245 _aसखी राज्ञी जयंती.
260 _bज्ञानदत्त प्रकाशन, पुणे.
_c2006
300 _a304
_bसाधी
365 _b290
520 _aसायो.
630 _aसखी राज्ञी जयंती.
650 _aसायो.
730 _aसखी राज्ञी जयंती.
942 _cBOOK
999 _c734980
_d734977